Einzigartige Pokémon-Typenkombinationen - Statistiken

Allgemein
  • Dieses Quiz wurde 591 mal gespielt
  • Das Durchschnittsergebnis liegt bei 16 aus 20
Antwortstatistiken
Pokémon Kombination % Korrekt
Impoleon Wasser-Stahl
96%
Chelterrar Pflanze-Boden
95%
Frosdedje Eis-Geist
94%
Bidifas Normal-Wasser
94%
Heatran Feuer-Stahl
90%
Rotom Elektro-Geist
89%
Kyurem Drache-Eis
88%
Volcanion Feuer-Wasser
88%
Ninjatom Käfer-Geist
88%
Flunschlik Boden-Elektro
86%
Resladero Kampf-Flug
85%
Grebbit Normal-Boden
84%
Mimigma Geist-Fee
82%
Sen-Long Normal-Drache
76%
Terrakium Gestein-Kampf
75%
Morpeko Elektro-Unlicht
71%
Marshadow Kampf-Geist
70%
Krawell Kampf-Eis
66%
Servol Psycho-Normal
62%
Anego Gestein-Gift
59%
Keine übereinstimmenden Quizze gefunden
Verteilung der Resultate
Anzahl Personen mit jedem Resultat
Perzentil nach korrekt beantworteten Fragen
Ihre Resultats-Entwicklung
Sie haben dieses Quiz noch nicht gespielt